Cómo se hace una tesis doctoral (Record no. 89678)
[ view plain ]
| 000 -LEADER | |
|---|---|
| campo de control de longitud fija | 00855nam a2200229 i 4500 |
| 001 - NÚMERO DE CONTROL | |
| campo de control | 89678 |
| 003 - IDENTIFICADOR DE NÚMERO DE CONTROL | |
| campo de control | ES-MaACL |
| 005 - FECHA Y HORA DE LA ÚLTIMA TRANSACCIÓN | |
| campo de control | 20250729032045.0 |
| 007 - CAMPO FIJO DE DESCRIPCIÓN FÍSICA--INFORMACIÓN GENERAL | |
| campo de control de longitud fija | t| |
| 008 - DATOS DE LONGITUD FIJA--INFORMACIÓN GENERAL | |
| campo de control de longitud fija | 050112s1958 sp ||||1| spa d |
| 100 1# - ENTRADA PRINCIPAL--NOMBRE DE PERSONA | |
| Nombre de persona | Lasso de la Vega Jiménez-Placer, Javier, |
| Fechas asociadas al nombre | 1892-1990 |
| 9 (RLIN) | 70478 |
| 245 10 - MENCIÓN DEL TÍTULO | |
| Título | Cómo se hace una tesis doctoral |
| Resto del título | : manual de técnica de la documentación científica y bibliográfica / |
| Mención de responsabilidad, etc. | Javier Lasso de la Vega. |
| 246 3# - FORMA VARIANTE DEL TITULO | |
| Título propio/Titulo breve | Manual de técnica de la documentación científica y bibliográfica |
| 250 ## - MENCION DE EDICION | |
| Mención de edición | 2ª ed. |
| 260 ## - PUBLICACIÓN, DISTRIBUCIÓN, ETC. | |
| Lugar de publicación, distribución, etc. | Madrid : |
| Nombre del editor, distribuidor, etc. | Mayfe, |
| Fecha de publicación, distribución, etc. | 1958 ( |
| Fabricante | E. Minuesa) |
| 300 ## - DESCRIPCIÓN FÍSICA | |
| Extensión | XXIV, 597 p., 3 lám. : |
| Otras características físicas | il. ; |
| Dimensiones | 24 cm. |
| 650 ## - PUNTO DE ACCESO ADICIONAL DE MATERIA--TÉRMINO DE MATERIA | |
| Término de materia o nombre geográfico como elemento de entrada | Tesis doctorales. |
| 9 (RLIN) | 17517 |
| 650 04 - PUNTO DE ACCESO ADICIONAL DE MATERIA--TÉRMINO DE MATERIA | |
| Término de materia o nombre geográfico como elemento de entrada | Investigación- |
| Subdivisión general | Metodología. |
| 9 (RLIN) | 165440 |
| 650 07 - PUNTO DE ACCESO ADICIONAL DE MATERIA--TÉRMINO DE MATERIA | |
| Término de materia o nombre geográfico como elemento de entrada | Documentación |
| Fuente del encabezamiento o término | embne |
| 9 (RLIN) | 11959 |
| 852 ## - LOCALIZACIÓN | |
| Ubicación | ES-MaACL |
| Número de control de estantería | B-4707 |
| Estatus retirado | Estado de pérdida | Estado de daño | No para préstamo | Biblioteca de origen | Biblioteca actual | Ubicación en estantería | Fecha de adquisición | Fuente de adquisición | Total de préstamos | Signatura topográfica completa | Código de barras | Visto por última vez | Precio de reemplazo | Tipo de ítem Koha |
|---|---|---|---|---|---|---|---|---|---|---|---|---|---|---|
| Biblioteca del Ateneo de Madrid | Biblioteca del Ateneo de Madrid | Sala Pardo Bazán | 17/01/2008 | B-4707 | 1093658 | 23/02/2023 | 23/02/2023 | Libro impreso |
